00329nam a2200097Ia 4500008004100000100002200041245009800063260004000161300001000201650002000211220216s9999 xx 000 0 und d aKachintorn Suriya 0aProgress on strategies to develop Thai rubber industry: Agriculture and cooperatives ministry bRubber International Magazinec2000 a75-78 aRubber industry